| 000 | 00513nam a2200133Ia 4500 | ||
|---|---|---|---|
| 008 | 220216s9999 xx 000 0 und d | ||
| 100 | _aRoy C.B | ||
| 245 | 0 | _aTowards understanding Colletotrichum species complexes causing leaf disease in rubber | |
| 260 | _bIRC 2012. International Rubber Conference, 28-31 October 2012, Kovalam, India, Rubber Research Institute of India, Kottayam and IRRDB, Malaysia: Abstracts. pp.174-75. | ||
| 650 | _aLeaf disease | ||
| 700 | _aMathew J | ||
| 700 | _aSaha T | ||
| 942 | _cJS | ||
| 999 |
_c71423 _d71423 |
||